Statistics for fortinaiti ila babaji

Click here to take the quiz!

General Stats

  • This quiz has been taken 40 times
  • The average score is 3 of 6

Answer Stats

HintAnswer% Correct
namebabaji
100%
namebabaji
100%
namehaiper ekes ekes ekes
24%
namelojitik
24%
namepalasteisön 5
24%
namegrantef auto tv
21%

Score Distribution

Percentile by Number Answered

Percent of People with Each Score

Your Score History

You have not taken this quiz